000 006630000a22001810004500
003 MACL
005 20160503132035.0
008 160503b xxu||||| |||| 00| 0 eng d
040 _aMACL
_cMACL
041 _aHindi
082 _a800 SIN
100 _aसिंह, तेजपाल
_954937
245 _aकहॉ गई वो दिल्‍ली वाली
_bस्‍वप्‍नीले शब्‍द-चित्र
_cतूजपाल सिंह
260 _bअकादमिक प्रतिभा
_c2009
_aनई दिल्‍ली
350 _a250
650 _aसंस्‍मरण
_954854
942 _cHIN
_k800/SIN
_2ddc
999 _c45147
_d45147